000 00657nam a2200145Ia 4500
008 100204s9999 xx 000 0 und d
082 _b12313
100 _aसुर्वे नारायण - संकलक
245 _aकॉ. डांगे : भारतीय राजकारणातील वादळ
260 _b"शलाका प्रकाशन , मुंबई"
_c1989
300 _a187
630 _aकॉ. डांगे : भारतीय राजकारणातील वादळ
730 _aकॉ. डांगे : भारतीय राजकारणातील वादळ
942 _cBOOK
999 _c456746
_d456743